Video Game Villains - Statistics

General Stats
  • This quiz has been taken 53 times
  • The average score is 3 of 15
Answer Stats
Game Description Villains/Group % Correct
Minecraft Strange hybrids that inhabit the Nether (prior to version 1.16). Zombie Pigmen
46%
The Witcher 3: ____ ____ Main group of villains (in the game's title). The Wild Hunt
39%
Super Smash Bros. Brawl Main antagonist of The Subspace Emissary. Tabuu
29%
The Elder Scrolls V: Skyrim The main story villain. Alduin
21%
The Legend of Zelda: Skyward Sword The type of object that is Ghirahim's true form. A sword
21%
Red Dead Redemption 2 Leader of the O'Driscoll Boys. Colm
18%
Grand Theft Auto V The main antagonist, a billionaire and business tycoon. Devin Weston
18%
Star Wars Jedi: Fallen Order Name of the Second Sister. Trilla Suduri
14%
Assassin's Creed IV: Black Flag A real Welsh pirate used as a main antagonist in the game. Bartholomew Roberts
11%
Just Cause 3 Dictator of Medici. Sebastiano Di Ravello
11%
Monkey Island series The series' primary antagonist. LeChuck
7%
Call of Duty: Black Ops II The campaign's main antagonist. Raul Menendez
7%
Myst III: Exile The game's antagonist, played by an actor from One Flew Over the Cuckoo's Nest. Saavedro
7%
Doom (2016) Turned into a spider-like creature at the end of the game. Olivia Pierce
4%
Borderlands 3 The female Calypso twin. Tyreen
0%
No matching quizzes found
Score Distribution
Percent of People with Each Score
Percentile by Number Answered
Your Score History
You have not taken this quiz